000 01175nam a2200205 a 4500
001 000071060
003 AM-YEHGA
005 20250617121712.0
008 030329s1976 ||||| |||||||||||||rus|c
040 _aAM-YeHGA
041 0 _arus
245 0 0 _aВопросы грамматики, лексикологии и стилистики романо-германских языков :
_b(В помощь изучающим теоретические курсы) : Сборник статей /
_cОтв. ред. Н. М. Фирсова ; Ун-т дружбы народов им. Патриса Лумумбы. Кафедра иностранных языков гуманитарных специальностей.
260 _aМосква :
_bБ. и.,
_c1976.
300 _a76 с.
650 1 4 _aРомано-германские языки
700 1 _aФирсова, Наталия Михайловна
_eред.
_4edt
710 2 _aУниверситет дружбы народов им. Патриса Лумумбы.
_bКафедра иностранных языков гуманитарных специальностей
942 _2udc
_cBK
090 _c21727
999 _c21504
_d21504